| 000 | 00470nam a2200181Ia 4500 | ||
|---|---|---|---|
| 001 | 1441 | ||
| 005 | 20260306143728.0 | ||
| 008 | 260306t2017||||xx |||||||||||||| ||spa|| | ||
| 041 | _aESP | ||
| 082 |
_a150.15195 _bG67 |
||
| 100 |
_aGonzález Betanzos, Fabiola _eAUT |
||
| 245 | 0 | _aEstadística aplicada en psicología y ciencias de la salud | |
| 260 | _c2017 | ||
| 300 |
_axiv, 417 páginas : _c25 cm. |
||
| 650 | _aGEN | ||
| 654 | _aCPS | ||
| 942 |
_cLIB _dJUS _fJUS _2ddc _n |
||
| 999 |
_c1441 _d1441 |
||